Music and worship in Africa : (Registro nro. 24928)

Detalles MARC
000 -LEADER
campo de control de longitud fija 02718cam a22003854i 4500
003 - IDENTIFICADOR DE NÚMERO DE CONTROL
campo de control PE-LiUPU
005 - FECHA Y HORA DE LA ÚLTIMA TRANSACCIÓN
campo de control 20250731183402.0
008 - DATOS DE LONGITUD FIJA--INFORMACIÓN GENERAL
campo de control de longitud fija 170810s2014 miu r 000 0 eng d
020 ## - NÚMERO INTERNACIONAL ESTÁNDAR DEL LIBRO
Número Internacional Estándar del Libro 0996030506
020 ## - NÚMERO INTERNACIONAL ESTÁNDAR DEL LIBRO
Número Internacional Estándar del Libro 9780996030502
035 ## - NÚMERO DE CONTROL DEL SISTEMA
Número de control de sistema (Sirsi) a238225
040 ## - FUENTE DE CATALOGACIÓN
Centro catalogador/agencia de origen PE-LiUPU
Lengua de catalogación spa
Centro/agencia transcriptor PE-LiUPU
Normas de descripción rda
049 ## - FONDOS LOCALES (OCLC)
Biblioteca depositaria PRUA
082 04 - NÚMERO DE LA CLASIFICACIÓN DECIMAL DEWEY
Número de clasificación 781.716
Cutter M9
Número de edición 20
245 00 - MENCIÓN DEL TÍTULO
Título Music and worship in Africa :
Resto del título Adventists' dialogue from biblical, historical, and cultural perspectives /
Mención de responsabilidad, etc. edited by Sampson M. Nwaomah, Robert Osei-Bonsu, Kelvin O. Onongha.
264 #1 - PRODUCCIÓN, PUBLICACIÓN, DISTRIBUCIÓN, FABRICACIÓN Y COPYRIGHT
Producción, publicación, distribución, fabricación y copyright Berrien Springs, Michigan :
Nombre del de productor, editor, distribuidor, fabricante Departament of World Mission, Andrews University,
Fecha de producción, publicación, distribución, fabricación o copyright 2014.
300 ## - DESCRIPCIÓN FÍSICA
Extensión 192 páginas ;
Dimensiones 23 centímetros.
336 ## - TIPO DE CONTENIDO
Término de tipo de contenido text
Fuente rdacontent
337 ## - TIPO DE MEDIO
Nombre/término del tipo de medio unmediated
Fuente rdamedia
338 ## - TIPO DE SOPORTE
Nombre/término del tipo de soporte volume
Fuente rdacarrier
505 0# - NOTA DE CONTENIDO CON FORMATO
Nota de contenido con formato Biblical musicians and worship responses -- The use of musical instruments in worship -- Examining David's dance in the context of Adventist worship -- John Calvin's perspective on music and worship and its implications for the Seventh-day Adventist Church in Africa -- Contemporary worship music and its implication for Adventist music ministry in Africa -- Nigerian Pentecostal musid: context, content, and challenge -- Cultural influences on church music -- A comparative study of music and dance in African traditional religion and Christianity -- Indigenizing music in Christian worship: the role of Yoruba Drum Poetry -- The place of traditional African music in the Seventh-day Adventist Church: a Ghanaian perspective -- The use of African musical instruments for worship in Seventh-day Adventist churches in Asante, Ghana -- Scripture, culture, and decorum in worship -- Worship and the attitude of the worshipper in the House of God -- Structuring worship services in Seventh-day Adventist institutions with high non-Adventist population: a proposal -- The critical role of the choir in the liturgy of the Seventh-day Adventist Church in Nigeria.
526 ## - NOTA DE INFORMACIÓN SOBRE EL PROGRAMA DE ESTUDIO
Nombre del programa Maestría Bim Facility Management (A distancia)
526 ## - NOTA DE INFORMACIÓN SOBRE EL PROGRAMA DE ESTUDIO
Nombre del programa
526 ## - NOTA DE INFORMACIÓN SOBRE EL PROGRAMA DE ESTUDIO
Nombre del programa Educación musical y artes
526 ## - NOTA DE INFORMACIÓN SOBRE EL PROGRAMA DE ESTUDIO
Nombre del programa Educación, especialidad educación física
526 ## - NOTA DE INFORMACIÓN SOBRE EL PROGRAMA DE ESTUDIO
Nombre del programa Arquitectura
596 ## -
-- 1
650 04 - PUNTO DE ACCESO ADICIONAL DE MATERIA--TÉRMINO DE MATERIA
Término de materia o nombre geográfico como elemento de entrada Musica
Subdivisión geográfica Africa
Subdivisión general Aspectos religiosos
-- Cristianismo.
650 04 - PUNTO DE ACCESO ADICIONAL DE MATERIA--TÉRMINO DE MATERIA
Término de materia o nombre geográfico como elemento de entrada Música de iglesia
Subdivisión general Enseñanza bíblica.
910 ## - DATOS DE OPCIÓN DEL USUARIO (OCLC)
Datos de opción del usuario jck
-- ncf
-- ncf
-- 20170810
942 ## - ELEMENTOS DE ENTRADA SECUNDARIOS (KOHA)
Fuente del sistema de clasificación o colocación Clasificación Decimal Dewey
Tipo de ítem Koha
949 ## - PROCESAMIENTO DE INFORMACIÓN LOCAL (OCLC)
a 781.716 M9
w DEWEY
c 1
i 76786
l CCODEBUL1
m BUL
p 8.00
r 0
s Y
t BOOK
u 2017-08-08
x TEOLOGIA
-- P35
0 COMPRA
o .STAFF. Colección Teología
999 ## - NÚMEROS DE CONTROL DE SISTEMA (KOHA)
-- DEWEY
-- 76786
-- 2021-11-11
-- 4
-- CCODEBUL1
-- BUL
-- 8.00
-- 0
-- Y
-- BOOK
-- 2017-8-10
-- TEOLOGIA
-- P35
-- COMPRA
-- .STAFF. Colección Teología
980 ## - EQUIVALENCIA O REFERENCIA-CRUZADA-MENCIÓN DE SERIE--NOMBRE DE PERSONA/TÍTULO [LOCAL, CANADÁ]
ID del último usuario que modificó el registro 1
Nombre del último usuario que modificó el registro ALBERTO SANCHEZ Responsable de Automatización
Existencias
Visto por última vez Número de inventario Total de préstamos Signatura topográfica completa Código de barras Copia número Coste, precio de reemplazo Fecha de reemplazo Facultad Tipo de ítem Koha Nota pública Estado de pérdida Fuente del sistema de clasificación o colocación Restricciones de uso No para préstamo Colección Programa académico Biblioteca de origen Biblioteca actual Ubicación en estantería Fecha de adquisición Fuente de adquisición Coste, precio normal de compra
2025-12-03 5   781.716 M9 76786 e1 13.00 2017-08-10   Libros físicos inventario-2023-12-13 No Perdido Clasificación Decimal Dewey No restringido Disponible para préstamos Colección General Teología Biblioteca CRAI UPeU Lima Biblioteca CRAI UPeU Lima Sala principal 2017-08-10 COMPRA 8.00